00888cam a22002771a 4500001001300000003000400013005001700017008004100034010001700075020001200092025002000104035001900124040001800143050002200161130002700183245009000210260003000300300002900330500003600359500004000395500007200435650003000507650002900537700002700566999001700593sa 68020900 DLC20260227112728.0810403s1965 ii a 000 0 tibo  asa 68020900  cRs25.00 aPL480: I-Tib-55 a(OCoLC)7304514 aDLCcInUdDLC00aPL3748b.G42 19650 aGesar.pʼJaṅ gliṅ14aThe epic of Gesar, Tibet's hero-king /cedited and published by Lobpon Tenzin Namdak. a[Rdi-li :bNamdak,c1965] a400 p. :bill. ;c24 cm. aIn Tibetan; preface in English. a"Printed from original manuscript." aPp. 383-400 contain an errata list and discussions of Tibetan lore. 0aEpic literature, Tibetan. 0aTibetan languagexTexts.1 aNamdak, Tenzin,d1926- c89625d89625